1673 1418 1219 1450 1621 1513 1465 1824 1085 1845 1066 1443 1972 1812 1211 1028 1416 1627 1201 1256 1585 1683 1798 1240 1482 1842 1511 1477 1693 1659 1010 1789 1134 1062 1492 1158 1087 1127 1347 1769 1452 1377 1895 1446 1142 1492 1791 1580 1697 1261 1961 1266 1261 1934 1760 1437 1312 1175 1668 1795 1725 1964 1568 1441 1186 1453 1122 1195 1111 1992 1832 1083 1244 1351 1879 1723 1433 1118 1230 1265 1262 1564 1438 1768 1889 1421 1189 1865 1762 1345 1362 1243 1754 1796 1923 1400 1781 1569 1724 BCNSPRNW ULIB Ver.6.0+V

เปลี่ยนเป็นภาษาไทย

Change to English
 แสดงรายละเอียดบรรณานุกรม
  กลับหน้าหลัก

Brief Record : Get Marc (ISO 2709) : E-mail record : QR code < ปิดหน้าต่าง
LEADER : 00000nam 2200000uu 4500
001    13399124387
003     ULIB
008    020711s2558 th a 000 0 tha d
020    9786161124632
060    WY106^b492
100    อังค์ริสา พินิจจันทร์
245    การให้บริการสุขภาพที่บ้าน/^cอังค์ริสา พินิจจันทร์
250    พิมพ์ครั้งที่ 1
260    ชัยนาท :^bวิทยาลัยพยาบาลบรมราชชนนี ชัยนาท,^c2558
300    169 หน้า
650    ให้บริกาารสุขภาพ^xที่บ้าน
710    วิทยาลัยพยาบาลบรมราชชนนี ชัยนาท.^bภาควิชาการพยาบาลอนามัยชุมชน
945    ^p150^l0^i039476
รายการนี้ยังไม่มีแท็ก
คุณยังไม่ได้ล็อกอิน คุณสามารถมีกิจกรรมร่วมกับเว็บไซต์ได้ แต่ต้องล็อกอินก่อน ::
  ล็อกอิน

รายการสื่อสารสนเทศ

ลำดับที่ ประเภท เลขเรียก/บาร์โค้ด สถานที่ สถานะ
1. Book การพยาบาล
Book การพยาบาล
WY106 492 ฉ.1 
  Barcode: 039476
ห้องสมุดวิทยาเขตสวรรค์ประชารักษ์
►หนังสือทั่วไป
บนชั้น

BibComment


ยังไม่เคยถูกคอมเมนท์

คอมเมนท์ทรัพยากรรายการนี้
  คอมเมนท์: การให้บริการสุขภา..


 Copyright 2026. Bcnsprnw @Library